Nature and extent of indebtedness among the tribals and non-tribals in Himachal Pradesh (Record no. 54587)

000 -LEADER
fixed length control field 00443pab a2200157 454500
008 - FIXED-LENGTH DATA ELEMENTS--GENERAL INFORMATION
fixed length control field 180718b2002 xxu||||| |||| 00| 0 eng d
100 ## - MAIN ENTRY--PERSONAL NAME
Personal name Sharma, Shiv Dayal
245 ## - TITLE STATEMENT
Title Nature and extent of indebtedness among the tribals and non-tribals in Himachal Pradesh
260 ## - PUBLICATION, DISTRIBUTION, ETC.
Date of publication, distribution, etc. 2002
300 ## - PHYSICAL DESCRIPTION
Extent p.145-49
362 ## - DATES OF PUBLICATION AND/OR SEQUENTIAL DESIGNATION
Dates of publication and/or sequential designation Sep
650 ## - SUBJECT ADDED ENTRY--TOPICAL TERM
Topical term or geographic name entry element Tribes - India - Himachal Pradesh
650 ## - SUBJECT ADDED ENTRY--TOPICAL TERM
Topical term or geographic name entry element Tribes
773 ## - HOST ITEM ENTRY
Main entry heading Man and Development
909 ## -
-- 54587
Holdings
Withdrawn status Lost status Damaged status Not for loan Permanent Location Current Location Date acquired Serial Enumeration / chronology Barcode Date last seen Price effective from Koha item type
        Indian Institute of Public Administration Indian Institute of Public Administration 2018-07-19 Volume no: 24, Issue no: 3 AR55032 2018-07-19 2018-07-19 Articles

Powered by Koha